000
00297nam a22001097a 4500
008
160621b xxu||||| |||| 00| 0 eng d
100
_9
199
_a
Cone, M
245
_a
Mishmash
_b
and the Venus Plytrap
260
_a
USA.Weekly Reader Book
_c
1976
300
_a
Mishmash:and the Venus Plytrap
942
_2
ddc
_c
BK
999
_c
159
_d
159